00874cam a2200265 a 45000010008000000030004000080050017000120080041000290100017000700200015000870400018001020500020001200820018001401000022001582450072001802500012002522600030002643000035002944400034003295000020003636500045003837000022004288560085004508560073005352067623OSt20150917155953.0940216s1995 ilua 001 0 eng  a 94007619  a0256103216 aDLCcDLCdDLC00aHN29b.A46 199500a301/.07232201 aAlreck, Pamela L.14aThe survey research handbook /cPamela L. Alreck, Robert B. Settle. a2nd ed. aChicago :bIrwin,cc1995. axxvi, 470 p. :bill. ;c24 cm. 4aThe Irwin series in marketing aIncludes index. 0aSocial surveysxHandbooks, manuals, etc.1 aSettle, Robert B.423Publisher descriptionuhttp://www.loc.gov/catdir/description/mh022/94007619.html413Table of contentsuhttp://www.loc.gov/catdir/toc/mh022/94007619.html